00470nam a2200169Ia 4500999001700000003000400017005001700021008004100038040000900079082001800088100002700106245005200133260004600185300000900231650001800240942004200258 c12252d12252OSt20201020092726.0190216s9999||||xx |||||||||||||| ||und|| coclc a321.07bROB/U a Robinson, Ralph95937 4aThe Utopia Of Sir Thomas More /cRalph Robinson bMac Millian And Com. Ltd,c1964.aLondon: a218p aEnglish Essay cBK2ddch321.07iROB/Uk321.07mROB/U